000 00288nam a22001337a 4500
003 SGT
082 _a150
_bE99M
100 _aMESSER, DAVID
245 _aEXPLORING DEVELOPMENTAL PSYCHOLOGY
260 _aLONDAN
_bARNALD
_c1999
300 _a524
650 _aPSYCHOLOGY
942 _2ddc
_cBK
999 _c10405
_d10405